000 00732nam a2200229Ii 4500
003 JO-AjNU
008 230605s9999||||xx |||||||||||||| ||und||
017 _a(2008/8/2859)
020 _a9957-16-467-6
040 _aJO-AjNU
_bara
_erda
_cJO-AjNU
041 _aara
050 1 4 _aQ180.M4 A8848 2009
100 3 _aعطوي، جودت عزت,
_eauthor
_921692
245 0 0 _aاساليب البحث العلمي مفاهيمه-اداوته-طرقه الاحصائية
250 _aط1
264 3 1 _aعمان: دار الثقافة، 2009
300 _a321ص
336 _atext
_btxt
_2rdacontent
337 _aunmediated
_bn
_2rdamedia
338 _avolume
_bnc
_2rdacarrier
650 4 _aطرق البحث والبحوث
_921693
999 _aA7579
_c11147
_d11147